000 00451cam a22001934a 4500
005 20250605164305.0
008 250528s ||||||||||||||||||||||||d
035 _a22241
020 _a9780415351140
040 _aGR-AtMCL
_bgre
_dGR-AtMCL
_eAACR2
245 1 _aPRACTICAL HYDRAULICS
250 _a2
260 _bTaylor And Francis,
_c2007
300 _a251
700 1 _aKay Melvin
_98113
942 _cBK
999 _c7297
_d7297